Neither puppet nor butterfly / (Record no. 123902)

MARC details
000 -LEADER
fixed length control field 00652nam a22002177a 4500
005 - DATE AND TIME OF LATEST TRANSACTION
control field 20170124105932.0
010 ## - LIBRARY OF CONGRESS CONTROL NUMBER
LC control number B-079313
020 ## - INTERNATIONAL STANDARD BOOK NUMBER
Terms of availability 150.00
International Standard Book Number 818710001
035 ## - SYSTEM CONTROL NUMBER
System control number B-079313
037 ## - SOURCE OF ACQUISITION
Source of stock number/acquisition Cen Lib/Ret
040 ## - CATALOGING SOURCE
Original cataloging agency DPL
Language of cataloging EN
082 ## - DEWEY DECIMAL CLASSIFICATION NUMBER
Classification number 320.82
Item number SIN
100 ## - MAIN ENTRY--PERSONAL NAME
Personal name Sinha, Mridula
9 (RLIN) 8450
245 ## - TITLE STATEMENT
Title Neither puppet nor butterfly /
Statement of responsibility, etc by Mridula Sinha
260 ## - PUBLICATION, DISTRIBUTION, ETC. (IMPRINT)
Place of publication, distribution, etc New Delhi
Name of publisher, distributor, etc OceanBooks
Date of publication, distribution, etc 1998
270 ## - ADDRESS
City New Delhi
Address 4/19, ansari road, dariya ganj
Postal code 110002
300 ## - PHYSICAL DESCRIPTION
Extent iii, 89p. ;
Dimensions 21cm(Hb)
Other physical details ill.
650 ## - SUBJECT ADDED ENTRY--TOPICAL TERM
Topical term or geographic name as entry element Political science
9 (RLIN) 8451
650 ## - SUBJECT ADDED ENTRY--TOPICAL TERM
Topical term or geographic name as entry element Women's liberation
9 (RLIN) 8452
942 ## - ADDED ENTRY ELEMENTS (KOHA)
Source of classification or shelving scheme Dewey Decimal Classification
Koha item type English Books
Classification part 320.82
Call number suffix SIN
Holdings
Withdrawn status Lost status Damaged status Not for loan Home library Current library Date acquired Source of acquisition Cost, normal purchase price Total Checkouts Full call number Barcode Date last seen Copy number Cost, replacement price Price effective from Koha item type Public note Source of classification or shelving scheme Collection code
Written off       Central Library Central Library 12/06/2015 Cen Lib/Ret 150.00   320.82 SIN B-079313 12/06/2015 1 150.00 12/06/2015 English Books W/d List No. 6896/25 ; dtd 19/10/2020    
        Patel Nagar Patel Nagar 25/07/2018 BPPD/PUB 150.00   320.82 SIN A-935437 25/07/2018   150.00 25/07/2018 English Books   Dewey Decimal Classification Non-fiction

© Delhi Public Library
Hit Counter
free hit counter